000 00774nam a22001937a 4500
999 _c11230
_d11230
008 181019b ||||| |||| 00| 0 eng d
020 _a978-971-9647-08-9
082 _22016
_aDFil 658.4056
_bC278
100 _aCastillo, Rodolfo V., author.
_932319
245 _aHuman behavior and crisis management :
_bwith PNP operational procedures on critical incident management /
_cRodolfo V. Castillo, Jr. and Ramil G. Gabao
260 _aQuezon City:
_bChapterHouse Publishing Incorporate,
_c©2016.
300 _aiii, 151 pages :
_billustrations ;
_c23 cm.
500 _aIncludes references and index.
650 _aCrisis management.
_932320
650 _aHuman behavior.
_932321
700 _aGabao, Ramil G., author.
_932322
365 _b593.00
_cPhp.
942 _2ddc
_cDFIL